000 00969nam a22002537a 4500
005 20170124103020.0
010 _aA-690558
020 _c150.00
_a8170161878
035 _aA-690558
037 _bCen Lib/Ret
040 _aDPL
_bHN
082 _a
_bमैत्रेयी
100 _aमैत्रेयी पुष्पा
_960504
245 _aइदन्नमम /
_cमैत्रेयी पुष्पा
246 _aIdannamam /
_bby Maitreyi Pushpa
260 _aनयी दिल्ली
_bकिताबघर
_c1994
270 _a24, अंसारी रोड, दरिया गंज
_bनयी दिल्ली
_e110002
300 _a398पृ.
_c21सेमी (सजिल्द)
650 _aहिन्दी साहित्य
_960505
650 _aउपन्यास
_960506
650 _aHindi literature
_960507
650 _aFiction
_98901
942 _2ddc
_cHN
_h
_mमैत्रेयी
999 _c115231
_d115231